000
00291pab a2200133 454500
008
180718b1987 xxu||||| |||| 00| 0 eng d
245
_a
Sardar Sarovar (Narmada) Project
260
_c
1987
300
_a
43-7
362
_a
June
650
_a
Irrigation
773
_a
Nirnay
909
_a
11368
999
_c
11368
_d
11368